Click Countries That Start With "A" - Sudden Death - Statistics

General Stats
  • This quiz has been taken 43 times
  • The average score is 10 of 11
Answers on the Map
Answers color-coded by a green-red scale on the quiz's map according to % correct below.
 
Answer Stats
Answer % Correct
Afghanistan
95%
Andorra
95%
Australia
95%
Austria
95%
Albania
93%
Algeria
93%
Argentina
93%
Armenia
93%
Azerbaijan
93%
Angola
90%
Antigua and Barbuda
90%
No matching quizzes found
Score Distribution
Percent of People with Each Score
Percentile by Number Answered
Your Score History
You have not taken this quiz